El viejo y la niña / (Record no. 62889)
[ view plain ]
| 000 -LEADER | |
|---|---|
| campo de control de longitud fija | 00958nam a2200241 i 4500 |
| 001 - NÚMERO DE CONTROL | |
| campo de control | 62889 |
| 003 - IDENTIFICADOR DE NÚMERO DE CONTROL | |
| campo de control | ES-MaACL |
| 005 - FECHA Y HORA DE LA ÚLTIMA TRANSACCIÓN | |
| campo de control | 20250809095018.0 |
| 007 - CAMPO FIJO DE DESCRIPCIÓN FÍSICA--INFORMACIÓN GENERAL | |
| campo de control de longitud fija | t| |
| 008 - DATOS DE LONGITUD FIJA--INFORMACIÓN GENERAL | |
| campo de control de longitud fija | 031126s1921 xxk |||| | eng d |
| 100 1# - ENTRADA PRINCIPAL--NOMBRE DE PERSONA | |
| Nombre de persona | Fernández de Moratín, Leandro, |
| Fechas asociadas al nombre | 1760-1828 |
| 9 (RLIN) | 49695 |
| 245 13 - MENCIÓN DEL TÍTULO | |
| Título | El viejo y la niña / |
| Mención de responsabilidad, etc. | by Leandro Fernández de Moratín ; edited, with introduction, notes and bibliography by Leslie Bannister Walton. |
| 260 ## - PUBLICACIÓN, DISTRIBUCIÓN, ETC. | |
| Lugar de publicación, distribución, etc. | Manchester : |
| Nombre del editor, distribuidor, etc. | The University Press, |
| Fecha de publicación, distribución, etc. | 1921. |
| 300 ## - DESCRIPCIÓN FÍSICA | |
| Extensión | LIX, 113 p. ; |
| Dimensiones | 19 cm. |
| 490 1# - MENCIÓN DE SERIE | |
| Mención de serie | Modern language text. |
| -- | Spanish series |
| 530 ## - NOTA DISPONIBLE DE FORMULARIO FÍSICO ADICIONAL | |
| Nota de formato físico adicional disponible | Disponible en formato digital. |
| 700 1# - ENTRADA AGREGADA--NOMBRE PERSONAL | |
| Nombre de persona | Walton, Leslie Bannister. |
| 9 (RLIN) | 116023 |
| 830 0# - PUNTO DE ACCESO ADICIONAL DE SERIE-TÍTULO UNIFORME | |
| Título uniforme | Modern language text. |
| -- | Spanish series |
| 9 (RLIN) | 230648 |
| 852 ## - LOCALIZACIÓN | |
| Ubicación | ES-MaACL |
| Número de control de estantería | F-12405 |
| Ubicación en estantería | Sala Pecera Depósito 2 |
| Nota libre | Revisado enlace: 21 de julio de 2025 |
| 856 4# - LOCALIZACIÓN Y ACCESO ELECTRÓNICOS | |
| Identificador Uniforme de Recursos | <a href="https://archive.org/details/elviejoylania00fern/page/n6 ">https://archive.org/details/elviejoylania00fern/page/n6 </a> |
| Texto de enlace | Internet Archive |
| 942 ## - ELEMENTOS DE ENTRADA SECUNDARIOS (KOHA) | |
| Fuente del sistema de clasificación o colocación | Clasificación decimal universal |
| Estatus retirado | Estado de pérdida | Estado de daño | No para préstamo | Colección | Biblioteca de origen | Biblioteca actual | Ubicación en estantería | Fecha de adquisición | Fuente de adquisición | Total de préstamos | Signatura topográfica completa | Código de barras | Visto por última vez | Precio de reemplazo | Tipo de ítem Koha |
|---|---|---|---|---|---|---|---|---|---|---|---|---|---|---|---|
| Colección digital | Biblioteca del Ateneo de Madrid | Biblioteca del Ateneo de Madrid | Sala Pecera Planta 2 | 17/01/2008 | F-12405 | 1065928 | 23/02/2023 | 23/02/2023 | Libro impreso |
